00524 a2200169 4500010001400000020002300014035001300037037001500050082001100065100002700076245008900103260003700192270005300229300002800282500001900310700002500329 aENG-86359 a1403929688c185.00 aEN-69892 bDBAD / PUB14a001.421 aRaman, Anantanarayanan1 aA handbook of research process :cby Anantanarayanan Raman [and] Jayshree Nimmagadda aNew DelhibMacmillan Indiac2006 a2/10, Ansari Road, DaryagnajbNew Delhie110 002 ax, 172 p.c22cm. (Pbk.) aIncludes index1 aNimmagadda, Jayshree